[Event "Landesliga U20 Sued 1516"]
[Site "Bayern"]
[Date "2015.12.19"]
[Round "3.2"]
[White "Hilger, Sebastian"]
[Black "Czap, Cedric"]
[Result "0-1"]
[WhiteElo "1395"]
[BlackElo "1768"]
[PlyCount "74"]
[EventDate "2015.11.21"]
[EventType "team-tourn"]
[EventRounds "7"]
[EventCountry "GER"]
[SourceTitle "EXT 2022"]
[Source "ChessBase"]
[SourceDate "2021.10.06"]
[SourceVersion "1"]
[SourceVersionDate "2021.10.06"]
[SourceQuality "1"]
[WhiteTeam "Vaterstetten Grasbrunn U20"]
[BlackTeam "Unterhaching U20"]
[WhiteTeamCountry "GER"]
[BlackTeamCountry "GER"]

1. e4 c6 2. Nf3 d5 3. e5 Bf5 4. d4 e6 5. Bd3 Bxd3 6. Qxd3 Nd7 7. 0-0 c5 8. Bf4 Qb6 9. Qc3 Ne7 10. b3 Nc6 11. Be3 cxd4 12. Bxd4 Nxd4 13. Nxd4 Bb4 14. Qe3 Bc5 15. c3 0-0 16. Nd2 Bxd4 17. cxd4 Rac8 18. Rfc1 Rc6 19. Rc3 Rfc8 20. Rac1 Rxc3 21. Rxc3 Rc6 22. f4 Qa5 23. Rxc6 bxc6 24. a4 c5 25. Nf3 Qb4 26. dxc5 Qxc5 27. Kf2 Kf8 28. Qxc5+ Nxc5 29. Nd4 a5 30. Ke3 f6 31. g4 Kf7 32. h4 h6 33. Kf3 g5 34. h5 gxf4 35. Kxf4 Nd3+ 36. Kf3 Nxe5+ 37. Kg3 Ke7 0-1

[Event "Landesliga U20 Sued 1314"]
[Site "Bayern"]
[Date "2013.11.30"]
[Round "2.1"]
[White "Czap, Cedric"]
[Black "Hess, Max"]
[Result "0-1"]
[WhiteElo "1768"]
[BlackElo "2230"]
[PlyCount "78"]
[EventDate "2013.11.16"]
[EventType "team-tourn"]
[EventRounds "7"]
[EventCountry "GER"]
[SourceTitle "EXT 2022"]
[Source "ChessBase"]
[SourceDate "2021.10.06"]
[SourceVersion "1"]
[SourceVersionDate "2021.10.06"]
[SourceQuality "1"]
[WhiteTeam "Unterhaching U20"]
[BlackTeam "Memmingen U20"]
[WhiteTeamCountry "GER"]
[BlackTeamCountry "GER"]

1. d4 Nf6 2. c4 g6 3. Nc3 Bg7 4. e4 d6 5. Nf3 0-0 6. Be2 Na6 7. Be3 e5 8. d5 Nc5 9. Nd2 a5 10. 0-0 Nfd7 11. Qc2 f5 12. a3 a4 13. b4 axb3 14. Nxb3 Nxb3 15. Qxb3 Nc5 16. Qc2 f4 17. Bd2 g5 18. Qd1 Rf6 19. Bg4 Bxg4 20. Qxg4 Nb3 21. Ra2 Nxd2 22. Rxd2 Rxa3 23. Nb5 Ra4 24. Qe2 f3 25. gxf3 Qd7 26. Kh1 Qh3 27. Rg1 Ra1 28. Rdd1 Ra2 29. Qe3 Qxf3+ 30. Qxf3 Rxf3 31. Rg2 Rfxf2 32. Rxf2 Rxf2 33. Nxc7 g4 34. Rb1 Bh6 35. Ne6 Bf4 36. Rxb7 Rxh2+ 37. Kg1 g3 38. c5 Be3+ 39. Kf1 g2+ 0-1